A legacy of heart and mind : (Record no. 200431294)
[ view plain ]
| 000 -LEADER | |
|---|---|
| fixed length control field | 00800nam a22002537a 4500 |
| 003 - CONTROL NUMBER IDENTIFIER | |
| control field | TR-AnTOB |
| 005 - DATE AND TIME OF LATEST TRANSACTION | |
| control field | 20190408222116.0 |
| 007 - PHYSICAL DESCRIPTION FIXED FIELD--GENERAL INFORMATION | |
| fixed length control field | ta |
| 008 - FIXED-LENGTH DATA ELEMENTS--GENERAL INFORMATION | |
| fixed length control field | 181026s1999 gaua||| |||| 001 0 eng d |
| 040 ## - CATALOGING SOURCE | |
| Original cataloging agency | TR-AnTOB |
| Transcribing agency | TR-AnTOB |
| Description conventions | rda |
| 041 0# - LANGUAGE CODE | |
| Language code of text/sound track or separate title | İngilizce |
| 050 ## - LIBRARY OF CONGRESS CALL NUMBER | |
| Classification number | LD1751.E382 |
| Item number | H38 1999 |
| 090 ## - LOCALLY ASSIGNED LC-TYPE CALL NUMBER (OCLC); LOCAL CALL NUMBER (RLIN) | |
| Classification number (OCLC) (R) ; Classification number, CALL (RLIN) (NR) | LD1751.E382 |
| Local cutter number (OCLC) ; Book number/undivided call number, CALL (RLIN) | H38 1999 |
| 100 1# - MAIN ENTRY--PERSONAL NAME | |
| Personal name | Hauk, Gary S. |
| 9 (RLIN) | 122390 |
| 245 12 - TITLE STATEMENT | |
| Title | A legacy of heart and mind : |
| Remainder of title | Emory since 1836 / |
| Statement of responsibility, etc. | Gary S. Hauk. |
| 264 ## - PRODUCTION, PUBLICATION, DISTRIBUTION, MANUFACTURE, AND COPYRIGHT NOTICE | |
| Place of production, publication, distribution, manufacture | Atlanta, GA : |
| Name of producer, publisher, distributor, manufacturer | Emory University : |
| -- | Developed and produced by Bookhouse Group, Inc., |
| Date of production, publication, distribution, manufacture, or copyright notice | 1999. |
| 300 ## - PHYSICAL DESCRIPTION | |
| Extent | xvii, 222 pages ; |
| Dimensions | 31 cm. |
| 336 ## - CONTENT TYPE | |
| Source | rdacontent |
| Content type code | txt |
| Content type term | text |
| 337 ## - MEDIA TYPE | |
| Source | rdamedia |
| Media type code | n |
| Media type term | unmediated |
| 338 ## - CARRIER TYPE | |
| Source | rdacarrier |
| Carrier type code | nc |
| Carrier type term | volume |
| 610 20 - SUBJECT ADDED ENTRY--CORPORATE NAME | |
| 9 (RLIN) | 122391 |
| Corporate name or jurisdiction name as entry element | Emory University |
| General subdivision | History |
| 942 ## - ADDED ENTRY ELEMENTS (KOHA) | |
| Source of classification or shelving scheme | Library of Congress Classification |
| Koha item type | Book |
| Withdrawn status | Lost status | Source of classification or shelving scheme | Damaged status | Not for loan | Collection code | Home library | Current library | Shelving location | Date acquired | Source of acquisition | Cost, normal purchase price | Total Checkouts | Full call number | Barcode | Date last seen | Date shelved | Koha item type |
|---|---|---|---|---|---|---|---|---|---|---|---|---|---|---|---|---|---|
| Library of Congress Classification | Yeni / New | Ödünç Verilebilir / Available | Genel Koleksiyon | Merkez Kütüphane | Merkez Kütüphane | Genel Koleksiyon / Main Collection | 26/10/2018 | TOBB Bağış / TOBB Donation | 0.01 | LD1751.E382 H38 1999 | 0058358 | 26/10/2018 | 31/10/2018 | Book |
